USMLE: Step 1 (Record no. 102)

000 -LEADER
fixed length control field 00845nam a22002537a 4500
005 - DATE AND TIME OF LATEST TRANSACTION
control field 20210416051710.0
008 - FIXED-LENGTH DATA ELEMENTS--GENERAL INFORMATION
fixed length control field 201110s2019 ||||| |||| 00| 0 eng d
020 ## - INTERNATIONAL STANDARD BOOK NUMBER
International Standard Book Number 9781506236520
040 ## - CATALOGING SOURCE
Original cataloging agency eng
Transcribing agency DLC
041 ## - LANGUAGE CODE
Language code of text/sound track or separate title eng
080 ## - UNIVERSAL DECIMAL CLASSIFICATION NUMBER
Universal Decimal Classification number 616-097
Item number K-20
245 ## - TITLE STATEMENT
Title USMLE: Step 1
Remainder of title : Lecture Notes 2019, Immunology and Microbiology
Statement of responsibility, etc. / by Kaplan Medical: Edited by Tiffany L. Alley PhD, Kim Moscatello PhD, Christopher C. Keller PhD
260 ## - PUBLICATION, DISTRIBUTION, ETC.
Place of publication, distribution, etc. New York
Name of publisher, distributor, etc. Kaplan Medical
Date of publication, distribution, etc. 2019
300 ## - PHYSICAL DESCRIPTION
Extent 511 pages
650 #0 - SUBJECT ADDED ENTRY--TOPICAL TERM
9 (RLIN) 78
Topical term or geographic name entry element Immunology
650 #0 - SUBJECT ADDED ENTRY--TOPICAL TERM
9 (RLIN) 72
Topical term or geographic name entry element USMLE STEP 1
650 #0 - SUBJECT ADDED ENTRY--TOPICAL TERM
9 (RLIN) 79
Topical term or geographic name entry element Microbiology
653 ## - INDEX TERM--UNCONTROLLED
Uncontrolled term იმუნოლოგია
653 ## - INDEX TERM--UNCONTROLLED
Uncontrolled term მიკრობიოლოგია
700 ## - ADDED ENTRY--PERSONAL NAME
9 (RLIN) 28
Personal name Alley, L. Tiffany PhD
710 ## - ADDED ENTRY--CORPORATE NAME
9 (RLIN) 29
Corporate name or jurisdiction name as entry element Moscatello, Kim PhD
711 ## - ADDED ENTRY--MEETING NAME
9 (RLIN) 30
Meeting name or jurisdiction name as entry element Keller, C. Christopher PhD
942 ## - ADDED ENTRY ELEMENTS (KOHA)
Source of classification or shelving scheme
Koha item type Books
Holdings
Withdrawn status Lost status Source of classification or shelving scheme Damaged status Not for loan Permanent location Current location Date acquired Inventory number Total Checkouts Full call number Barcode Date last seen Date last checked out Price effective from Koha item type
          Ken Walker International University Ken Walker International University 11/10/2020 49 2 616-097 K-20 49 03/04/2026 02/27/2026 11/10/2020 Books

Powered by Koha